खून की छीटें : (Record no. 120786)

MARC details
000 -LEADER
fixed length control field 01096nam a22002537a 4500
005 - DATE AND TIME OF LATEST TRANSACTION
control field 20170124103203.0
010 ## - LIBRARY OF CONGRESS CONTROL NUMBER
LC control number B-179213
020 ## - INTERNATIONAL STANDARD BOOK NUMBER
Terms of availability 200.00
International Standard Book Number 8181431251
035 ## - SYSTEM CONTROL NUMBER
System control number B-179213
037 ## - SOURCE OF ACQUISITION
Source of stock number/acquisition Cen Lib/Ret
040 ## - CATALOGING SOURCE
Original cataloging agency DPL
Language of cataloging HN
082 ## - DEWEY DECIMAL CLASSIFICATION NUMBER
Classification number 305.5
Item number उपाध्या
100 ## - MAIN ENTRY--PERSONAL NAME
Personal name उपाध्याय, भगवत शरण
9 (RLIN) 92615
245 ## - TITLE STATEMENT
Title खून की छीटें :
Statement of responsibility, etc भगवत शरण उपाध्याय
Remainder of title इतिहास के पन्नों पर /
246 ## - VARYING FORM OF TITLE
Title proper/short title Khoon ki chiten : itihas ke panno par /
Remainder of title by Bhagavat Sharan Upadhyaya
260 ## - PUBLICATION, DISTRIBUTION, ETC. (IMPRINT)
Place of publication, distribution, etc नयी दिल्ली
Name of publisher, distributor, etc वाणी प्रकाशन
Date of publication, distribution, etc 2004
270 ## - ADDRESS
City नयी दिल्ली
Address 21-ए, दरियागंज
Postal code 110002
300 ## - PHYSICAL DESCRIPTION
Extent 144पृ.
Dimensions 20सेमी(सजिल्द )
650 ## - SUBJECT ADDED ENTRY--TOPICAL TERM
Topical term or geographic name as entry element भारत - सभ्यता
General subdivision
Geographic subdivision
9 (RLIN) 92616
650 ## - SUBJECT ADDED ENTRY--TOPICAL TERM
Topical term or geographic name as entry element सभ्यता
9 (RLIN) 92617
650 ## - SUBJECT ADDED ENTRY--TOPICAL TERM
Topical term or geographic name as entry element Civilization.
9 (RLIN) 15651
650 ## - SUBJECT ADDED ENTRY--TOPICAL TERM
Topical term or geographic name as entry element India -- Civilization.
9 (RLIN) 12282
942 ## - ADDED ENTRY ELEMENTS (KOHA)
Source of classification or shelving scheme Dewey Decimal Classification
Koha item type Hindi Books
Classification part 305.5
Call number suffix उपाध्या
Holdings
Withdrawn status Lost status Damaged status Not for loan Home library Current library Date acquired Source of acquisition Cost, normal purchase price Total Checkouts Full call number Barcode Date last seen Date checked out Copy number Cost, replacement price Price effective from Koha item type
        Central Library Central Library 28/09/2015 Cen Lib/Ret 200.00 3 305.5 उपाध्या B-179213 01/07/2022 15/06/2022 1 200.00 28/09/2015 Hindi Books

© Delhi Public Library
Hit Counter
free hit counter